000 01905nam0a2200325 4500
001 RU\NLR\BIBL_A\011977483
005 20190422144444.0
010 _a978-5-9275-2728-1
_950
021 _aRU
_bКН-П-19-016852
_9КН-П-19-1263
035 _a(NLR Aleph) 011977483
035 _a(RuMoRGB)009916353
090 _a11290809
_c11290809
100 _a20190402d2018 k y0rusy50 ca
101 0 _arus
102 _aRU
105 _ah|||z|||000zy
200 1 _aВеликая Отечественная война на Дону (по документам местных архивов)
_eмонография
_fМ. И. Жбанникова, М. В. Пятикова
_gМинистерство науки и высшего образования Российской Федерации, Федеральное государственное бюджетное образовательное учреждение высшего образования "Южный федеральный университет", Институт истории и международных отношений
210 _aРостов-на-Дону
_cИзд-во Южного федерального университета
_aТаганрог
_c[б. и.]
_d2018
215 _a114 с.
_cфакс.
_d20
320 _aБиблиогр.: с. 112-114 (18 назв.) и в подстроч. примеч.
606 1 _aВеликая Отечественная война
_z1941 - 1945
_yРостовская область
_2nlr_sh2
_3RU\NLR\AUTH\6601542942
686 1 _aЦ35(2)722(2Р-4Р)
686 1 _aТ3(2)722.9-9(2Р-4Р)
700 1 _aЖбанникова
_bМ. И.
_gМарина Исматовна
701 1 _aПятикова
_bМ. В.
_gМарина Васильевна
942 _cBOOK
980 _aNBR
980 _aNB